=LDR 00000nam 2200000 4500 =001 INLIS000000000035276 =005 20130612141140 =008 ***********************************ind** =035 ##$$0010-061300000035276 =041 ##$$a ind =082 ##$$a 392.609 59 =090 ##$$a 392.609 59, Sex s =245 ##$$a Sexlial network across borders within grenter southeast asia nations, Editor,muhadjir darwin =260 ##$$a 2009 $b Yogyakarta =300 ##$$a Xv,256 Hlm, 24 Cm =650 ##$$a Jaringan seksual, Asean =700 ##$$a Darwin, Muhajir =850 ##$$a NBPNMAT =990 ##$$a 0001/BPAP-NTB/20142015